000 00810cab a2200265 4500
001 WB3426-46
008 090401t1998 xxu||||| |||| 00| 0 eng d
035 _a(Sirsi) u87311
041 _aeng
245 _aSavills rides property wave
260 _c1998
350 _a0
490 _aFinancial Times
_v8 July 1998, 22
490 _aTimes
_v8 July 1998, 22(1)
520 _aFPDSavills has reported a 49% rise in annual pre tax profits to £11.3m. Staff at the firm will benefit with a large rise in their annual bomus this year.
650 _aFPDSAVILLS
650 _aPROFIT SHARING
650 _aPROFITS
650 _aPROPERTY YIELDS
650 _aRESULTS
650 _aSURVEYING FIRMS
690 _aMANAGEMENT-BUSINESS MANAGEMENT-PROFESSIONAL PRACTICE
942 _n0
948 _c09/07/1998
999 _c55066
_d55066